000 00254nam a2200097Ia 4500
008 240331s9999 xx 000 0 und d
082 _bGRA
100 _aGray, J
245 0 _aEnlightment's wake :
_bpolitics and culture at the close of modern age
942 _cL
999 _c2272
_d2272